| 000 | 00941nas a2200277 4500 | ||
|---|---|---|---|
| 001 | BR8102107 | ||
| 003 | BR-BrBNA | ||
| 005 | 20231205084630.0 | ||
| 007 | ta | ||
| 008 | 230509b bl.|||p| |||| 00| 00por d | ||
| 040 |
_aBR-BrBNA _bpor _cBiblioteca Nacional de Agricultura |
||
| 041 | _a(Pt) | ||
| 072 | _aH10 | ||
| 100 | 1 | _aMorais, G.J. de | |
| 100 | 1 | _aDrumond, M.A. | |
| 245 | 1 | _aSurto de Tetranychus bastosi (Acarina: Tetranychidae)em Cnidoscolus phyllacanthus [Faveleira; Acaro; Acaricida; Brasil] | |
| 246 | 1 | _a[Infestation of Tetranychus bastosi (Acarina: Tetranychidae)in Cnidoscolus phyllacanthus [Mite; Acaricide; Brazil]] | |
| 650 | _aPraga de planta | ||
| 650 | _aAcaro | ||
| 650 | _aFaveleira | ||
| 650 | _aAcaricida | ||
| 650 | _aControle quimico | ||
| 773 | 0 |
_tRevista Arvore (Brazil) _xISSN 0100-6762 _g(1980), v. 4(2) p. 227-229 _wBR8102107 |
|
| 909 |
_a202311 _bLúcia _c55 _dLúcia Elande |
||
| 942 |
_2AGRIS _n0 _cANA |
||
| 999 |
_c106355 _d106355 |
||